| 000 | 00852nam a2200265 i 4500 | ||
|---|---|---|---|
| 001 | bg | ||
| 100 | 1 | _aJANC, Alfred | |
| 245 | 1 | 0 |
_aCredit-scoring : _bnowoczesna metoda oceny zdolności kredytowej / _cAlfred Janc, Marcin Kraska. |
| 260 |
_aWarszawa : _b"Zarządzanie i Finanse", _c2001. |
||
| 300 |
_a174 s. : _bil. ; _c24 cm. |
||
| 490 | 1 | _aBiblioteka Menedżera i Bankowca | |
| 504 | _aBibliogr. przy rozdz. | ||
| 650 | 9 | _aKlasyfikacja kredytowa | |
| 655 | _aPodręczniki | ||
| 700 | 1 | _aKRASKA, Marcin | |
| 830 | _aBiblioteka Menedżera i Bankowca | ||
| 020 | _a8385776508 | ||
| 040 | _cBPK | ||
| 041 | 0 | _apl | |
| 080 | _a336.77:519.85+004.032.26+004.891](07) | ||
| 920 | _a83-85776-50-8 | ||
| 942 | _cKS | ||
| 008 | s pl f |000 0 pol | ||
| 999 |
_c41049 _d41049 |
||
| 856 |
_uhttp://koha.tu.koszalin.pl/cgi-bin/koha/opac-detail.pl?biblionumber=41049 _yKatalog online BPK |
||